<?xml version="1.0" encoding="UTF-8"?>
<collection xmlns="http://www.loc.gov/MARC21/slim">
    <record>
        <controlfield tag="001">76159</controlfield>
        <controlfield tag="005">20190115134112.0</controlfield>
        <datafield tag="037" ind1=" " ind2=" ">
            <subfield code="a">TAZ-TFM-2018-1128</subfield>
        </datafield>
        <datafield tag="041" ind1=" " ind2=" ">
            <subfield code="a">spa</subfield>
        </datafield>
        <datafield tag="100" ind1="1" ind2=" ">
            <subfield code="a">Gracia Vallés, Nicolás</subfield>
        </datafield>
        <datafield tag="242" ind1="0" ind2="0">
            <subfield code="a">DEVELOPMENT OF AN ANTIMICROBIAL ACTIVE PACKAGING BASED ON THE INCORPORATION OF LAE IN NANOCELLULOSE</subfield>
        </datafield>
        <datafield tag="245" ind1="0" ind2="0">
            <subfield code="a">DESARROLLO DE UN ENVASE ACTIVO ANTIMICROBIANO BASADO EN LA INCORPORACIÓN DE LAE EN NANOCELULOSA</subfield>
        </datafield>
        <datafield tag="260" ind1=" " ind2=" ">
            <subfield code="a">Zaragoza</subfield>
            <subfield code="b">Universidad de Zaragoza</subfield>
            <subfield code="c">2018</subfield>
        </datafield>
        <datafield tag="506" ind1=" " ind2=" ">
            <subfield code="a">by-nc-sa</subfield>
            <subfield code="b">Creative Commons</subfield>
            <subfield code="c">3.0</subfield>
            <subfield code="u">http://creativecommons.org/licenses/by-nc-sa/3.0/</subfield>
        </datafield>
        <datafield tag="520" ind1=" " ind2=" ">
            <subfield code="a">Los patógenos alimentarios son un problema de seguridad alimentaria, especialmente en los alimentos listos para el consumo (RTE), al no recibir ningún tratamiento previo a su consumo, por lo que cualquier contaminación microbiológica que contengan será transmitida al consumidor. El objetivo de este proyecto fue el desarrollo de un envase activo antimicrobiano basado en films de nanofibras de celulosa (CNF) con el antimicrobiano etil lauroil arginato (LAE) capaz de inhibir el crecimiento o eliminar bacterias patógenas alimentarias en alimentos cárnicos RTE, mejorando su conservación y seguridad alimentaria. Para ello, se llevó a cabo un estudio de la actividad antimicrobiana de cuatro CNF (02, 03, 04 y 05), evaluando parámetros como la motilidad bacteriana de “swimming” y “swarming”, así como la capacidad de inhibir la formación de biofilms de cuatro relevantes patógenos alimentarios, como Listeria monocytogenes, Escherichia coli verotoxigénica, Bacillus cereus y S. Typhimurium. Las CNF seleccionadas demostraron capacidad de inhibir la formación de biofilms de L. monocytogenes, el principal patógeno presente en alimentos RTE, y por lo tanto se seleccionó esta bacteria para los estudios posteriores. A continuación, se realizaron análisis microbiológicos in vitro para comprobar la capacidad antimicrobiana de los films de CNF-LAE frente a L. monocytogenes. Para caracterizar la afinidad del LAE de las CNF utilizadas, se optimizó un método cromatográfico de extracción líquido-líquido para la determinación de LAE en disoluciones acuosas que posteriormente se aplicó al estudio de la incorporación y liberación del LAE en los films de CNF. Tras los resultados obtenidos se seleccionaron CNF 03 y CNF 05, debido a su mayor afinidad para la molécula de LAE. Por último, se utilizaron los films de CNF seleccionados en una prueba in vivo, utilizando jamón cocido (alimento RTE) al que se inoculó L. monocytogenes para comprobar la actividad antimicrobiana de los films de CNF-LAE. Este ensayo reveló que los films de CNF-LAE podían causar una ligera disminución en los recuentos de L. monocytogenes, así como en la carga microbiana total de las muestras de jamón.</subfield>
        </datafield>
        <datafield tag="521" ind1=" " ind2=" ">
            <subfield code="a">Máster Universitario en Calidad, Seguridad y Tecnología de los Alimentos</subfield>
        </datafield>
        <datafield tag="540" ind1=" " ind2=" ">
            <subfield code="a">Derechos regulados por licencia Creative Commons</subfield>
        </datafield>
        <datafield tag="700" ind1=" " ind2=" ">
            <subfield code="a">Almeida Silva, Filomena</subfield>
            <subfield code="e">dir.</subfield>
        </datafield>
        <datafield tag="700" ind1=" " ind2=" ">
            <subfield code="a">Nerín de la Puerta, Cristina</subfield>
            <subfield code="e">dir.</subfield>
        </datafield>
        <datafield tag="710" ind1="2" ind2=" ">
            <subfield code="a">Universidad de Zaragoza</subfield>
            <subfield code="b">Química Analítica</subfield>
            <subfield code="c">Química Analítica</subfield>
        </datafield>
        <datafield tag="856" ind1="0" ind2=" ">
            <subfield code="f">650402@celes.unizar.es</subfield>
        </datafield>
        <datafield tag="856" ind1="4" ind2=" ">
            <subfield code="s">2498963</subfield>
            <subfield code="u">http://zaguan.unizar.es/record/76159/files/TAZ-TFM-2018-1128.pdf</subfield>
            <subfield code="y">Memoria (spa)</subfield>
        </datafield>
        <datafield tag="909" ind1="C" ind2="O">
            <subfield code="o">oai:zaguan.unizar.es:76159</subfield>
            <subfield code="p">driver</subfield>
            <subfield code="p">trabajos-fin-master</subfield>
        </datafield>
        <datafield tag="950" ind1=" " ind2=" ">
            <subfield code="a"></subfield>
        </datafield>
        <datafield tag="951" ind1=" " ind2=" ">
            <subfield code="a">deposita:2019-01-15</subfield>
        </datafield>
        <datafield tag="980" ind1=" " ind2=" ">
            <subfield code="a">TAZ</subfield>
            <subfield code="b">TFM</subfield>
            <subfield code="c">VET</subfield>
        </datafield>
        <datafield tag="999" ind1=" " ind2=" ">
            <subfield code="a">20181120111508.CREATION_DATE</subfield>
        </datafield>
    </record>

    
</collection>